| 000 | 00745cam a2200265 a 4500 | ||
|---|---|---|---|
| 008 | |||
| 020 | _a0201503565 (hbk.) | ||
| 049 | _aMAIN | ||
| 090 | _aTJ163.2 | ||
| 100 | 1 | _aPriest, Joseph. | |
| 245 | 1 | 0 |
_aEnergy : _bprinciples, problems, alternatives / _cJoseph Priest. |
| 250 | _a4th ed. | ||
| 260 |
_aReading : _bAddison-Wesley, _cc1991. |
||
| 300 |
_axi, 339 p. : _bill. ; _c25 cm. |
||
| 500 | _aIncludes index. | ||
| 504 | _aIncludes bibliographical references. | ||
| 650 | 0 | _aPower resources. | |
| 650 | 0 | _aPower (Mechanics) | |
| 740 | 0 | _aEnergy. | |
| 907 |
_a.b10070205 _b13-09-05 _c17-04-03 |
||
| 003 | |||
| 005 | 20230123133739.0 | ||
| 040 | _cNUST | ||
| 942 |
_cBOOKS _kTJ163.2 |
||
| 999 |
_c153937 _d153937 |
||